|
|
|
|
| LEADER |
00000cam a2200000 a 4500 |
| 001 |
vtls011574669 |
| 003 |
SK-MaSNL |
| 005 |
20260301180649.0 |
| 008 |
240318s2015 xo da f n 000 0 slo |
| 015 |
|
|
|a SNBA2017/01
|
| 020 |
|
|
|a 9788055709062
|q (brož.)
|
| 035 |
|
|
|a urn:nbn:sk:snk-am00cyq1
|
| 035 |
|
|
|a urn:nbn:sk:snk-am3hfpz
|
| 035 |
|
|
|a 9AA12033-4FA0-425F-B006-8366BE5ADFAD
|
| 040 |
|
|
|a SNK
|b slo
|c SNK
|e AACR2
|
| 041 |
0 |
|
|a slo
|b eng
|
| 044 |
|
|
|a xo
|c SK
|
| 072 |
|
7 |
|a 78
|x Hudba
|2 konspekt
|
| 080 |
|
|
|a 78:37.016
|2 2011
|
| 080 |
|
|
|a (048.8)
|2 2011
|
| 080 |
|
|
|a 004
|2 2011
|
| 100 |
1 |
|
|a Brozmanová, Oľga
|4 aut
|9 552194
|
| 245 |
1 |
0 |
|a Informačno-komunikačné technológie a ich využitie v hudobnej edukácii
|c Oľga Brozmanová
|
| 250 |
|
|
|a 1. vyd.
|
| 260 |
|
|
|a Banská Bystrica
|b Belianum
|b Univerzita Mateja Bela v Banskej Bystrici, Pedagogická fakulta
|c 2015
|
| 300 |
|
|
|a 151 s.
|b grafy, ilustr., sch., tab.
|c 21 cm
|
| 366 |
|
|
|e 100 ks
|
| 504 |
|
|
|a bibliogr.: s. 143-151 ; bibliogr. odkazy ; pozn. ; zozn. príl.
|
| 546 |
|
|
|a Res. angl.
|
| 650 |
0 |
7 |
|a hudobná výchova
|2 SNKPH
|9 1662
|
| 650 |
0 |
7 |
|a Musical learning and teaching
|2 SNKPHeng
|9 275488
|
| 650 |
0 |
7 |
|a informačné a komunikačné technológie
|2 SNKPH
|9 81648
|
| 650 |
0 |
7 |
|a Information and communication technology
|2 SNKPHeng
|9 274495
|
| 655 |
|
7 |
|a monografie
|2 SNKPH
|9 70139
|
| 655 |
|
7 |
|a Monographs
|2 SNKPHeng
|9 120675
|
| 852 |
|
|
|a Štátna vedecká knižnica v Banskej Bystrici
|
| 919 |
|
|
|a 978-80-557-0906-2
|
| 958 |
|
|
|a NB
|
| 999 |
|
|
|c 847149
|d 849079
|
| 952 |
|
|
|a SNK
|b SNK
|y PREZ
|7 0
|p 17A1250957
|o snkSC 172529
|i snk2017/740
|8 0
|0 0
|1 0
|4 0
|d 2017-01-11
|f 1
|l 0
|r 2025-09-10 00:00:00
|w 2026-02-24
|
| 952 |
|
|
|a SNK
|b SNK
|y VYP
|7 0
|p 17A1250958
|o snkSC 172529 D1
|i snk2017/741
|8 0
|0 0
|1 0
|4 0
|d 2017-01-11
|l 0
|r 2026-02-24 04:30:46
|w 2026-02-24
|